Normal view
MARC view
Entry Meeting Name
001 - CONTROL NUMBER
- control field: 20670
003 - CONTROL NUMBER IDENTIFIER
- control field: OSt
005 - DATE AND TIME OF LATEST TRANSACTION
- control field: 20211105134518.0
008 - FIXED-LENGTH DATA ELEMENTS
- fixed length control field: 211105|| aca||aabn | a|a d
040 ## - CATALOGING SOURCE
- Original cataloging agency: OSt
- Transcribing agency: OSt
111 ## - HEADING--MEETING NAME
- Meeting name or jurisdiction name as entry element: Airborne Astronomy Symposium on the Galactic Ecosystem, From Gas To Stars To Dust
- Location of meeting: Moffett Field, California
- Date of meeting or treaty signing: 1994 July 5-8
670 ## - SOURCE DATA FOUND
- Source citation: Work cat.: (OSt): Airborne Astronomy Symposium on the Galactic Ecosystem, From Gas To Stars To Dust Moffett Field, California 1994 July 5-8, Airborne Astronomy Symposium on the galactic ecosystem, 1995